Linie lotnicze używające Boeinga 747 - Statystyki

Ogólne statystyki
  • Ten quiz został rozwiązany 82 razy
    70 od ostatniego zresetowania
  • Średni wynik to 6 z 22
Statystyki odpowiedzi
rodzaj linia % Poprawnych
PAX Lufthansa
87%
PAX British Airways
65%
PAX/Cargo KLM
65%
PAX Korean Air
57%
Cargo UPS
43%
PAX/Cargo Emirates (cargo)
41%
PAX/Cargo Air China
37%
Cargo Atlas
30%
Cargo Cargolux
28%
PAX Qantas
28%
PAX/Cargo Qatar Airways
26%
PAX Japan airlines
24%
PAX Singapore airlines
22%
PAX Air India
13%
Cargo National
13%
PAX Iran Air
11%
PAX Thai
11%
PAX Virgin Atlantic
7%
Cargo Emtrasur Cargo
0%
PAX Israel Airlines
0%
Cargo Silk Way West Airlines
0%
Cargo Wamos Air
0%
Nie znaleziono quizów pasujących do podanych kryteriów
Rozkład punktacji
Procent ludzi z każdym wynikiem
Percentyl według liczby udzielonych odpowiedzi
Twoja historia wyników
Nie rozwiązałeś tego quizu od ostatniego zresetowania